| 000 | 01556ngm a22004210a 4500 | ||
|---|---|---|---|
| 001 | PT44867 | ||
| 003 | AR-LpoUNG | ||
| 005 | 20210201235947.0 | ||
| 007 | vd cvaizq | ||
| 008 | 191001s1951||||ag |||||||||||||||||spa d | ||
| 037 | _c$10 | ||
| 040 |
_aAR-LpoUNG _bspa _cAR-LpoUNG _eaacr |
||
| 041 | _aspa | ||
| 044 | _aag | ||
| 082 | 0 | _a303.69 96ras | |
| 100 | 1 |
_aKurosawa, Akira _edir. |
|
| 245 | 1 | 0 | _aRashomon |
| 260 |
_aBuenos Aires : _bECE, _c[1951]. |
||
| 300 | _aDVD (87 min.) : son., byn. | ||
| 505 | 0 | _aHecha en 1951. - Elenco: Toshirô Mifune, Machiko Kyô, Masayuki Mori, Takashi Shimura, Minoru Chiaki, Kichijiro Ueda, Fumiko Honma, Daisuke Katô. - Diseño de producción: So Matsuyama. - Fotografía: Kazuo Miyagawa. - Guión: Akira Kurosawa, Shinobu Hashimoto. - Montaje: Akira Kurosawa. - Música: Fumio Hayasaka Producción ejecutiva: Masaichi Nagata | |
| 520 | _aUn leñador, un sacerdote budista y un peregrino se refugian de una tormenta bajo las ruinas del templo de Rashomon, en el Japón del siglo XII. Los tres se ponen a discutir sobre la sentencia aplicada a un bandido que ha matado a un señor feudal y ha violado a su esposa. | ||
| 650 | 4 | _aANALISIS HISTORICO | |
| 650 | 4 | _aCULTURA | |
| 650 | 4 | _aDELITOS | |
| 650 | 4 | _aDRAMA | |
| 650 | 4 | _aJAPON | |
| 650 | 4 | _aJUSTICIA | |
| 650 | 4 | _aMUERTE | |
| 650 | 4 | _aRELACIONES HUMANAS | |
| 650 | 4 | _aRELIGION | |
| 650 | 4 | _aVIOLENCIA | |
| 651 | 4 | _aJapón | |
| 653 | _aCINE | ||
| 653 | _aCINE JAPONES | ||
| 653 | _aVIDEOS | ||
| 905 | _a44867 | ||
| 942 | _cDVD | ||
| 999 |
_c53861 _d53861 |
||